Kliknij azjatyckie stolice na mapie - Statystyki

Ogólne statystyki
  • Ten quiz został rozwiązany 2 733 razy
  • Średni wynik to 15 z 48
Odpowiedzi na mapie
Odpowiedzi zakodowano w zielono-czerwonej skali na mapie do tego quizu, zgodnie z poniższymi procentami.
 
Statystyki odpowiedzi
Odpowiedź % Poprawnych
Tokio
46%
Jerozolima
45%
Seul
45%
Nikozja
43%
Pjongjang
43%
Abu Zabi
41%
Tajpej
40%
Ankara
39%
Singapur
39%
Tbilisi
39%
Bangkok
38%
Erywań
38%
Kuwejt
38%
Baku
37%
Sri Dźajawardanapura Kotte
37%
Bejrut
36%
Damaszek
36%
Doha
36%
Bagdad
35%
Katmandu
35%
Rijad
34%
Dhaka
33%
Kuala Lumpur
32%
Amman
31%
Male
31%
Manila
31%
Phnom Penh
31%
Kabul
30%
Teheran
30%
Wientian
28%
Nowe Delhi
27%
Thimphu
27%
Ułan Bator
26%
Bandar Seri Begawan
25%
Dżakarta
25%
Hanoi
25%
Maskat
25%
Naypyidaw
25%
Sana
23%
Biszkek
22%
Dili
22%
Manama
22%
Pekin
21%
Islamabad
20%
Duszanbe
19%
Aszchabad
18%
Astana
16%
Taszkent
16%
Nie znaleziono quizów pasujących do podanych kryteriów
Rozkład punktacji
Procent ludzi z każdym wynikiem
Percentyl według liczby udzielonych odpowiedzi
Twoja historia wyników
Nie rozwiązałeś tego quizu